| 000 | 01874nam a2200265 i 4500 | ||
|---|---|---|---|
| 005 | 20250626211118.0 | ||
| 007 | ta | ||
| 008 | 200622s2025 000 0 eng d | ||
| 040 |
_aCO-CtgCURN _bspa _ccoctgcurn _erda |
||
| 082 | 0 |
_aCOP 2025 _bD415 |
|
| 100 | 1 |
_aDenubila Correa, Oscar Raul, _eauthor. _4aut |
|
| 245 | 1 | 0 |
_aTurismo sostenible en Cartagena : _bestrategias para preservar y potenciar la biodiversidad local / _cOscar Raul Denubila Correa; Juan David Calderón González. |
| 260 |
_aCartagena de Indias : _bCorporación Universitaria Rafael Núñez, _c2025. |
||
| 300 | _a24 hojas. | ||
| 336 |
_atext _btxt _2rdacontent |
||
| 337 |
_aunmediated _bn _2rdamedia |
||
| 338 |
_avolume _bnc _2rdacarrier |
||
| 502 | _aTrabajo de grado (Contador público). Corporación Universitaria Rafael Núñez. Facultad de Ciencias Administrativas y Contables. Programa de Contaduría Pública, 2025. | ||
| 520 | 8 | _a"Principalmente el problema radica en la presión constante que el turismo ejerce sobre la biodiversidad local en Cartagena, ya que el crecimiento descontrolado del turismo puede resultar en la degradación de los arrecifes de coral, los manglares, áreas protegidas, entorno natural, pérdida de hábitats y disminución de la diversidad biológica. Además, se observa una desconexión entre el desarrollo turístico y la conservación de los ecosistemas locales, lo que plantea la urgencia de establecer estrategias que aborden esta problemática." | |
| 650 | 0 |
_aContaduría pública _xTesis y disertaciones académicas. |
|
| 700 | 1 | _aCalderón González, Juan David. | |
| 856 | 7 |
_uhttps://unicurn.sharepoint.com/:b:/s/biblioteca/EZfmj8WXxMNOiAp-CKAkyy0BDvuTdwq7GfSOcxkpVcl9qA?e=o4fx1R _zClick para ver el recurso en texto completo |
|
| 942 |
_2ddc _aMHC _bMHC _cTG _hCOP 2025 _iD415 |
||
| 999 |
_c49071 _d49071 |
||